Größte Städte der deutschen Bundesländer - Sudden Death - Statistiken

Allgemein
  • Dieses Quiz wurde 168 mal gespielt
  • Das Durchschnittsergebnis liegt bei 10 aus 16
Answers on the Grid
Answers color-coded by a green-red scale on the quiz's grid according to % correct below.
Rostock
Bremen
München
Köln
Potsdam
Magdeburg
Leipzig
Berlin
Hamburg
Saarbrücken
Kiel
Hannover
Frankfurt am Main
Stuttgart
Erfurt
Mainz
Düsseldorf
Dortmund
Braunschweig
Lübeck
Bremerhaven
Halle
Brandenburg
Nürnberg
Dresden
Wiesbaden
Karlsruhe
Koblenz
Gera
Schwerin
 
Antwortstatistiken
Antwort % Korrekt
Hamburg
79%
Berlin
73%
München
73%
Frankfurt am Main
71%
Stuttgart
70%
Bremen
68%
Köln
65%
Hannover
64%
Saarbrücken
64%
Leipzig
57%
Potsdam
52%
Rostock
49%
Erfurt
48%
Kiel
48%
Mainz
42%
Magdeburg
35%
Keine übereinstimmenden Quizze gefunden
Verteilung der Resultate
Anzahl Personen mit jedem Resultat
Perzentil nach korrekt beantworteten Fragen
Ihre Resultats-Entwicklung
Sie haben dieses Quiz noch nicht gespielt